000 00334nam a2200133 i 4500
001 bg
100 1 _aRUDOWSKI, J.
245 0 _aDrgania regularne i chaotyczne nieliniowego oscylatora... /
_cJ. Rudowski.
260 _aWarszawa,
_c1986.
040 _cBPK
041 _apol
942 _cKS
008 s pl f |000 0 pol
999 _c23145
_d23145
856 _uhttp://koha.tu.koszalin.pl/cgi-bin/koha/opac-detail.pl?biblionumber=23145
_yKatalog online BPK